ბათუმის შოთა რუსთაველის სახელმწიფო უნივერსიტეტის ბიბლიოთეკა

Экономическая и социальная география зарубежных стран : (ბიბ.ჩანაწერი № 36244)

000 -LEADER
fixed length control field 01158nam a2200205Ia 4500
001 - CONTROL NUMBER
control field 2147
003 - CONTROL NUMBER IDENTIFIER
control field GE_BSU
005 - DATE AND TIME OF LATEST TRANSACTION
control field 20221020144819.0
008 - FIXED-LENGTH DATA ELEMENTS--GENERAL INFORMATION
fixed length control field 181216s1980ru xx |||||||||||||| ||rus||
040 ## - CATALOGING SOURCE
Transcribing agency GE_BSU
041 ## - LANGUAGE CODE
Language code of text/sound track or separate title rus
080 ## - UNIVERSAL DECIMAL CLASSIFICATION NUMBER
Universal Decimal Classification number 911.3(1-87)(075.8) Э-40
245 ## - TITLE STATEMENT
Title Экономическая и социальная география зарубежных стран :
Remainder of title Теоретические проблемы Всемирное хозяйство. Социалистические страны.Для студентов. пед.ин-тов.по географическим специальностям /
Statement of responsibility, etc. [Под.ред. В.П. Максаковского)
264 ## - PRODUCTION, PUBLICATION, DISTRIBUTION, MANUFACTURE, AND COPYRIGHT NOTICE
Place of production, publication, distribution, manufacture Москва :
Name of producer, publisher, distributor, manufacturer Просвещение,
Date of production, publication, distribution, manufacture, or copyright notice 1980.
300 ## - PHYSICAL DESCRIPTION
Extent 384 с. :
Other physical details 22 см.
653 ## - INDEX TERM--UNCONTROLLED
keyword Экономическая и социальная география зарубежных стран
653 ## - INDEX TERM--UNCONTROLLED
keyword უცხო ქვეყნების ეკონომიკური და სოციალური გეოგრაფია
700 ## - ADDED ENTRY--PERSONAL NAME
Personal name Максаковского, В.П.
Relator term რედაქტორი
9 (RLIN) 15394
942 ## - ADDED ENTRY ELEMENTS (KOHA)
Koha item type წიგნი
Source of classification or shelving scheme
ეგზემპლარები
Withdrawn status Lost status Source of classification or shelving scheme Damaged status Not for loan Permanent Location Current Location Shelving location Date acquired Cost, normal purchase price Full call number Barcode Date last seen Copy number Price effective from Koha item type Public note
          ბათუმის შოთა რუსთაველის სახელმწიფო უნივერსიტეტის მთავარი ბიბლიოთეკა ბათუმის შოთა რუსთაველის სახელმწიფო უნივერსიტეტის მთავარი ბიბლიოთეკა წიგნსაცავი 2018-12-17 12.00 911.3(1-87)(075.8) Э-40 4335 2018-12-17 4335 2018-12-17 წიგნი 12.00